00965nam a22002537a 45000010005000000030006000050050017000110080041000280200018000690400029000870500008001160820010001241000029001342450086001632600058002493000037003074900029003445050007003735200218003805210027005985210018006256500030006437000038006739685FISKH20260424083422.0260129b cb ||||| |||| 00| 0 eng d a9780462001173 aFISKHbengcFISKHdFISKH aPZ7 a372.6 aMichele, Tracey eAuthor aThis little girl /cWritten by Tracey Michele ; photographed by Victoria St John  aSingapore :bMarshall Cavendish International ,c2008 a16 pages :bphotographs ;c19 cm aMy pals are here! :v14b aG  aThis little girl cannot walk. She has a wheelchair to help her. But she can still do a lot of things. She can do all the things you can do. She plays games with her friends. She loves to play games, just like you.8 a400 bLexile estimate 8 aG bRaz-Plus  aPicture bookvWheelchair  aJohn, Victoria St ePhotographer